Manufacturing Systems Engineering (Record no. 5225)

MARC details
000 -LEADER
fixed length control field 00370nam a2200157Ia 4500
003 - CONTROL NUMBER IDENTIFIER
control field OSt
008 - FIXED-LENGTH DATA ELEMENTS--GENERAL INFORMATION
fixed length control field 191201s1999 xx 000 0 und d
082 ## - DEWEY DECIMAL CLASSIFICATION NUMBER
Classification number 670.427
Item number HIM
100 ## - MAIN ENTRY--PERSONAL NAME
Personal name HITOMI, Katsundo
245 #0 - TITLE STATEMENT
Title Manufacturing Systems Engineering
250 ## - EDITION STATEMENT
Edition statement Rep
260 ## - PUBLICATION, DISTRIBUTION, ETC. (IMPRINT)
Place of publication, distribution, etc New Delhi
Name of publisher, distributor, etc Viva Books
Date of publication, distribution, etc 1999
300 ## - PHYSICAL DESCRIPTION
Extent 536
650 ## - SUBJECT ADDED ENTRY--TOPICAL TERM
Topical term or geographic name as entry element M.Tech (ME)
942 ## - ADDED ENTRY ELEMENTS (KOHA)
Source of classification or shelving scheme Dewey Decimal Classification
Koha item type Text Books
Holdings
Withdrawn status Lost status Source of classification or shelving scheme Damaged status Not for loan Collection code Home library Current library Date acquired Source of acquisition Cost, normal purchase price Bill Number Total Checkouts Full call number Acc. no. / Barcode Date last seen Bill Date Koha item type
    Dewey Decimal Classification     B.Tech(ME) PIET C-LIBRARY PIET C-LIBRARY 21/08/2006 M/s UBS, Delhi 165.00 125382   670.427 HIM 3313 06/03/2025 23/08/2005 Text Books
    Dewey Decimal Classification     B.Tech(ME) PIET C-LIBRARY PIET C-LIBRARY 21/08/2006 M/s UBS, Delhi 165.00 125382   670.427 HIM 3314 04/12/2019 23/08/2005 Text Books
    Dewey Decimal Classification     B.Tech(ME) PIET C-LIBRARY PIET C-LIBRARY 08/05/2012 IBH, New Delhi 165.00 1154   670.427 HIM 19246 04/12/2019 03/05/2012 Text Books
    Dewey Decimal Classification     B.Tech(ME) PIET C-LIBRARY PIET C-LIBRARY 08/05/2012 IBH, New Delhi 165.00 1154   670.427 HIM 19247 04/12/2019 03/05/2012 Text Books
    Dewey Decimal Classification     B.Tech(ME) PIET C-LIBRARY PIET C-LIBRARY 08/05/2012 IBH, New Delhi 165.00 1154   670.427 HIM 19248 04/12/2019 03/05/2012 Text Books
    Dewey Decimal Classification     B.Tech(ME) PIET C-LIBRARY PIET C-LIBRARY 08/05/2012 IBH, New Delhi 165.00 1154   670.427 HIM 19249 04/12/2019 03/05/2012 Text Books
    Dewey Decimal Classification     B.Tech(ME) PIET C-LIBRARY PIET C-LIBRARY 08/05/2012 IBH, New Delhi 165.00 1154   670.427 HIM 19250 04/12/2019 03/05/2012 Text Books
    Dewey Decimal Classification     B.Tech(ME) PIET C-LIBRARY PIET C-LIBRARY 08/05/2012 IBH, New Delhi 165.00 1154   670.427 HIM 19251 04/12/2019 03/05/2012 Text Books

Design & Developed by: PIET Central Library
R70 Miles Stone Pattikalyana Samalkha Panipat 132102
mail ID :- [email protected], Phone No:- 0180-2569700 Ex.216